Normal view
MARC view
- الشركات- محاسبة
Entry Topical Term
001 - CONTROL NUMBER
- control field: 63592
003 - CONTROL NUMBER IDENTIFIER
- control field: JO-AjAnu
005 - DATE AND TIME OF LATEST TRANSACTION
- control field: 20230606084359.0
008 - FIXED-LENGTH DATA ELEMENTS
- fixed length control field: 230606|| aca||aabn | a|a d
040 ## - CATALOGING SOURCE
- Original cataloging agency: JO-AjAnu
- Transcribing agency: JO-AjAnu
150 ## - HEADING--TOPICAL TERM
- Topical term or geographic name entry element: الشركات- محاسبة
670 ## - SOURCE DATA FOUND
- Source citation: Work cat.: (JO-AjAnu)32422: اعداد السواعي،نداء محمد؛ اشراف تيسير المومني, author 63591, أثر العمليات المالية الالكترونية على إجراءات المدقق الخارجي في الشركات الصناعية المساهمة العامة الاردنية المدرجة في بورصة عمان في ظل جائحة كورونا=The Impact of Electronic Financial Operations on the Procedures of the External Auditor in listed Jordanian Industrial Companies on the Amman Stock Exchange in Light of the Corona Pandemic